000 00252nam a2200109Ia 4500
008 220204s9999 xx 000 0 und d
082 _a001
_bSIN
100 _aSingh, H K
245 0 _aScience and our age
260 _aBombay
_bAllied
_c1978
942 _cBK
999 _c27703
_d27703